[Event "Florianopolis op 09"]
[Site "Florianopolis"]
[Date "2021.09.26"]
[Round "6"]
[White "Nunes, Allan Hurba"]
[Black "Ferreira, Giovani Lima Diogo"]
[Result "0-1"]
[WhiteElo "1871"]
[BlackElo "1727"]
[PlyCount "42"]
[EventDate "2021.09.24"]
[EventType "swiss"]
[EventRounds "6"]
[EventCountry "BRA"]
[SourceTitle "EXT 2024"]
[Source "ChessBase"]
[SourceDate "2023.10.10"]
[SourceVersion "1"]
[SourceVersionDate "2023.10.10"]
[SourceQuality "1"]

1. d4 Nf6 2. Nf3 d5 3. c4 e6 4. Bg5 Be7 5. e3 0-0 6. h3 a6 7. c5 b6 8. cxb6 c5 9. Bd3 Qxb6 10. Qd2 Nbd7 11. 0-0 c4 12. Bc2 Kh8 13. b3 cxb3 14. axb3 a5 15. Rc1 Bb4 16. Qd1 Ba6 17. Na3 Rfc8 18. Rcb1 Qd6 19. Bf4 Qe7 20. Qc1 Bd3 21. Ra2 Bxa3 0-1

[Event "Sao Bento do Sul op 4th"]
[Site "Sao Bento do Sul"]
[Date "2020.10.31"]
[Round "3"]
[White "Ferreira, Giovani Lima Diogo"]
[Black "Hille, Waltercler"]
[Result "0-1"]
[WhiteElo "1686"]
[BlackElo "1904"]
[PlyCount "40"]
[EventDate "2020.10.31"]
[EventType "swiss"]
[EventRounds "6"]
[EventCountry "BRA"]
[SourceTitle "EXT 2022"]
[Source "ChessBase"]
[SourceDate "2021.10.06"]
[SourceVersion "1"]
[SourceVersionDate "2021.10.06"]
[SourceQuality "1"]

1. e4 c5 2. Nf3 e6 3. d4 cxd4 4. Nxd4 a6 5. c4 Nf6 6. f3 Be7 7. Be3 0-0 8. Nc3 Qc7 9. Be2 Nc6 10. 0-0 Bc5 11. Qd2 Re8 12. Kh1 Ne5 13. b3 b6 14. Rfd1 Bb7 15. Bf4 d6 16. Nc2 Nh5 17. b4 Bf2 18. Bxe5 dxe5 19. Qg5 Nf4 20. Rf1 f6 0-1

[Event "Caioba Copel op 5th"]
[Site "Caioba"]
[Date "2019.08.16"]
[Round "3"]
[White "Ferreira, Giovani Lima Diogo"]
[Black "Ribeiro, Gilnei Guedes"]
[Result "1-0"]
[WhiteElo "1715"]
[BlackElo "1430"]
[PlyCount "79"]
[EventDate "2019.08.15"]
[EventType "swiss"]
[EventRounds "6"]
[EventCountry "BRA"]
[SourceTitle "EXT 2020"]
[Source "ChessBase"]
[SourceDate "2019.10.17"]
[SourceVersion "1"]
[SourceVersionDate "2019.10.17"]
[SourceQuality "1"]

1. e4 c5 2. Nf3 e6 3. d4 cxd4 4. Nxd4 a6 5. Be3 Nf6 6. f3 Nc6 7. c4 Qc7 8. a3 Be7 9. Be2 0-0 10. Nc3 b6 11. Qd2 Bb7 12. Nc2 Rac8 13. Na4 Ne5 14. Nxb6 Rcd8 15. b3 Bc5 16. Na4 Bxe3 17. Qxe3 d6 18. 0-0 Rb8 19. c5 Bc6 20. cxd6 Qxd6 21. Rfd1 Qe7 22. Nc5 Bb5 23. b4 Rfc8 24. Nd4 Bxe2 25. Qxe2 Qa7 26. Qxa6 Qe7 27. f4 Ra8 28. Qe2 Ng6 29. f5 Nf8 30. fxe6 Nxe6 31. Ndxe6 fxe6 32. Rd3 Rc7 33. Qf3 Rf8 34. Rad1 h6 35. Qh3 Rxc5 36. bxc5 Qxc5+ 37. Qe3 Qc6 38. Rd6 Qc4 39. h3 Nxe4 40. R6d4 1-0